Missing Word: Tom Cruise Co-Stars Quiz Stats

 Plays Quiz Updated Nov 9, 2017

Challenge
Share
Tweet
Embed
Score 0/18 Timer 03:00
0 Plays Today
Hint Answer % Correct
Eyes Wide ShutKidman
97.9%
A Few Good MenMoore
97.2%
A Few Good MenJack
97%
Tropic ThunderBen
96.8%
A Few Good MenSutherland
95.4%
Top GunKilmer
95.1%
Jerry MaguireGooding
94%
Tropic ThunderDowney
93.5%
The FirmHackman
84.8%
Hint Answer % Correct
Tropic ThunderBlack
75.2%
Jerry MaguireZellweger
68.3%
Top GunTom
68.2%
The FirmHal
63.6%
Jerry MaguireKelly
52.9%
Top GunMcGillis
41.1%
The FirmTripplehorn
27.9%
Eyes Wide ShutPollack
20.5%
Eyes Wide ShutMarie
6.9%

Today's Daily Dose

You're not logged in!

Compare scores with friends on all Sporcle quizzes.
Join for Free
OR
Log In

You Might Also Like...

Show Comments

Extras

Top Quizzes Today


Score Distribution

Your Account Isn't Verified!

In order to create a playlist on Sporcle, you need to verify the email address you used during registration. Go to your Sporcle Settings to finish the process.

Report this User

Report this user for behavior that violates our Community Guidelines.

Details: